Quantitative techniques for managerial decisions: (Record no. 196075)

MARC details
000 -LEADER
fixed length control field 00900nam a2200253Ia 4500
003 - CONTROL NUMBER IDENTIFIER
control field OSt
005 - DATE AND TIME OF LATEST TRANSACTION
control field 20220729093556.0
008 - FIXED-LENGTH DATA ELEMENTS--GENERAL INFORMATION
fixed length control field 210716s2004 xx 000 0 und d
020 ## - INTERNATIONAL STANDARD BOOK NUMBER
International Standard Book Number 9788122430158
040 ## - CATALOGING SOURCE
Transcribing agency AIMIT LIBRARY
041 ## - LANGUAGE CODE
Language code of text/sound track or separate title eng
082 ## - DEWEY DECIMAL CLASSIFICATION NUMBER
Classification number 519.53
Edition number 3
Item number SRIU
100 ## - MAIN ENTRY--PERSONAL NAME
Personal name Srivastava, U K.
9 (RLIN) 53901
245 ## - TITLE STATEMENT
Title Quantitative techniques for managerial decisions:
Remainder of title concepts illustrations and problems /
Statement of responsibility, etc. By U K Srivastava, G V Shenoy and S C Sharma
250 ## - EDITION STATEMENT
Edition statement 3rd ed.
260 ## - PUBLICATION, DISTRIBUTION, ETC.
Place of publication, distribution, etc. New Delhi :
Name of publisher, distributor, etc. New Age International Pvt Ltd ,
Date of publication, distribution, etc. 2018.
300 ## - PHYSICAL DESCRIPTION
Extent xviii,934p. ;
Dimensions 24 cm.
650 ## - SUBJECT ADDED ENTRY--TOPICAL TERM
Topical term or geographic name entry element Measure of dispersion skewness and kurtosis
9 (RLIN) 53902
650 ## - SUBJECT ADDED ENTRY--TOPICAL TERM
Topical term or geographic name entry element Random variables and probability distributions
9 (RLIN) 53903
650 ## - SUBJECT ADDED ENTRY--TOPICAL TERM
Topical term or geographic name entry element Sampling and sampling distributions
9 (RLIN) 53904
700 ## - ADDED ENTRY--PERSONAL NAME
Personal name Shenoy, G V.
9 (RLIN) 53905
700 ## - ADDED ENTRY--PERSONAL NAME
Personal name Sharma, S C.
9 (RLIN) 53906
942 ## - ADDED ENTRY ELEMENTS (KOHA)
Source of classification or shelving scheme Dewey Decimal Classification
Koha item type Book
Edition 3rd
Call number prefix 519.53 SRIU
Holdings
Withdrawn status Lost status Source of classification or shelving scheme Damaged status Not for loan Collection code Home library Current library Source of acquisition Cost, normal purchase price Inventory number Total Checkouts Full call number Barcode Date last seen Cost, replacement price Price effective from Koha item type
    Dewey Decimal Classification     MCA St Aloysius Institute of Management & Information Technology St Aloysius Institute of Management & Information Technology Knowledge World 475.00 Bill no:501; Bill dt:2018-03-05   519.53 SRIU MCA15589 07/21/2025 370.50 07/16/2021 Book